Music Quiz

Random Music or Lyrics Quiz

'Rocket Man' Lyrics Quiz Stats

Quiz Updated May 15, 2012

Also try: Elton John Top 40
Challenge
Share
Tweet
Embed
Score 0/148 Timer 07:00
5 Plays Today
% Correct
[Repeat Chorus]
99.9%
[Repeat Chorus]
99.9%
[Repeat Chorus]
99.9%
[Repeated MANY times]
98.1%
a
98%
a
98%
a
98%
a
98%
a
98%
A
98%
A
98%
a
98%
man
97.8%
man,
97.8%
man
97.8%
man,
97.8%
man.
97.8%
rocket
97.5%
Rocket
97.5%
rocket
97.5%
rocket
97.5%
I
97.2%
I
97.2%
I
97.2%
I
97.2%
I
97.2%
I
97.2%
the
92.9%
the
92.9%
the
92.9%
be
89.9%
be
89.9%
be
89.9%
Oh
88.3%
It's
86.5%
it's
86.5%
it's
86.5%
It's
86.5%
it's
86.5%
And
86.1%
And
86.1%
And
86.1%
And
86.1%
And
86%
time,
85.9%
time...
85.9%
I'm
85.8%
I'm
85.8%
I'm
85.8%
to
85.7%
% Correct
to
85.7%
to
85.7%
gonna
84.9%
gonna
84.9%
gonna
84.9%
long
84.8%
long
84.8%
long
84.8%
long
84.8%
think
83.1%
think
83.1%
think
83.1%
a.m.
82.5%
am
82.5%
no
81.3%
no
81.3%
no
81.3%
no
81.3%
in
79.3%
In
79.3%
my
79.2%
my
79.2%
my
79.2%
as
76.7%
as
76.7%
me
74.6%
you
74%
not
73.8%
out
73.1%
out
73.1%
at
72%
burning
70.2%
they
70.1%
high
69.7%
nine
68.9%
then
68.4%
kite
67.9%
On
67.8%
space.
66.7%
by
66%
brings
64.2%
so
64%
touchdown
63.9%
night
63.5%
of
63%
wife,
62.9%
miss
62.2%
miss
62.2%
there
61.4%
Zero
60.9%
% Correct
lonely
60.2%
packed
60.2%
She
60.1%
bags
60.1%
earth
59.9%
hour
59.7%
home,
59.3%
your
59.1%
round
58.6%
last
58.6%
up
58.2%
cold
58.2%
here
57.9%
if
57.2%
all
56.8%
hell,
56.3%
kids,
55.6%
find,
55.1%
alone.
55.1%
one
55%
raise
54.1%
raise
54.1%
much
53.8%
place
52.7%
pre-flight.
52.7%
fact
52.1%
them
51.9%
flight.
51.4%
again
51%
Till
50.7%
Mars
50.3%
ain't
49.4%
five
48.9%
kind
48.5%
did,
48.4%
there's
48.3%
just
47.4%
such
44%
days
43.2%
don't
43.2%
week
42.6%
job
42.4%
fuse
42.4%
his
42%
timeless
41%
this
39.7%
understand,
38.7%
science
35.1%

You're not logged in!

Compare scores with friends on all Sporcle quizzes.
Sign Up with Email
OR
Log In

You Might Also Like...

Show Comments

Extras

Top Quizzes Today


Score Distribution

Your Account Isn't Verified!

In order to create a playlist on Sporcle, you need to verify the email address you used during registration. Go to your Sporcle Settings to finish the process.